Central Library OPAC University of Rajshahi

Introductory mathematical analysis for business, economics, and the life and social sciences / (Record no. 69644)

MARC details
000 -LEADER
fixed length control field 00993nam a2200289 a 4500
001 - CONTROL NUMBER
control field 69644
003 - CONTROL NUMBER IDENTIFIER
rucl marc code BD-RjUL
005 - DATE AND TIME OF LATEST TRANSACTION
control field 20211209081918.0
008 - FIXED-LENGTH DATA ELEMENTS--GENERAL INFORMATION
fixed length control field 170412s1999 njua 001 0 eng d
020 ## - INTERNATIONAL STANDARD BOOK NUMBER
International Standard Book Number 0139798668
035 ## - SYSTEM CONTROL NUMBER
System control number (BD-RjUL)69856
040 ## - CATALOGING SOURCE
Original cataloging agency BD-RjUL
Language of cataloging eng
Transcribing agency BD-RjUL
041 ## - LANGUAGE CODE
Language code of text/sound track or separate title eng
082 ## - DEWEY DECIMAL CLASSIFICATION NUMBER
Edition number 23
Classification number 515.1
Author mark and year HAI 1999
100 1# - MAIN ENTRY--PERSONAL NAME
Personal name Haeussler, Ernest F.
9 (RLIN) 206283
245 10 - TITLE STATEMENT
Title Introductory mathematical analysis for business, economics, and the life and social sciences /
Statement of responsibility, etc. Ernest F. Haeussler, Jr. and Richard S. Paul
250 ## - EDITION STATEMENT
Edition statement 9th ed.
260 ## - PUBLICATION, DISTRIBUTION, ETC. (IMPRINT)
Place of publication, distribution, etc. Upper Saddle River, N.J ;
-- London :
Name of publisher, distributor, etc. Prentice Hall International,
Date of publication, distribution, etc. c1999.
300 ## - PHYSICAL DESCRIPTION
Pagination 1 v. (various pagings) :
Illustrations ill. ;
Size 26 cm.
500 ## - GENERAL NOTE
General note Includes index.
650 #0 - SUBJECT ADDED ENTRY--TOPICAL TERM
Topical term or geographic name as entry element Mathematical analysis.
9 (RLIN) 206284
Topical term or geographic name as entry element Business mathematics.
9 (RLIN) 206285
Topical term or geographic name as entry element Economics, Mathematical.
9 (RLIN) 206286
Topical term or geographic name as entry element Social sciences
General subdivision Mathematics.
9 (RLIN) 152761
700 1# - ADDED ENTRY--PERSONAL NAME
Personal name Paul, Richard S.
942 ## - ADDED ENTRY ELEMENTS (KOHA)
Source of classification or shelving scheme Dewey Decimal Classification
Koha item type Books
Holdings
Lost status Source of classification or shelving scheme Damaged status Not for loan Collection code Permanent Location Current Location Shelving location Date acquired Source of acquisition Cost, normal purchase price Total Checkouts Full call number Date last seen Copy number Koha item type
  Dewey Decimal Classification   Not For Loan Non-fiction Central Library, University of Rajshahi Central Library, University of Rajshahi Reading Room 04/03/2009 Dhaka, Paragan Enterprises ltd. 105.00   515 HAI 1999 12/04/2017 C-1 Books